| 000 | 00814cam a22002294a 4500 | ||
|---|---|---|---|
| 005 | 20250605164318.0 | ||
| 008 | 250528s ||||||||||||||||||||||||d | ||
| 035 | _a22767 | ||
| 020 | _a9780273634010 | ||
| 040 |
_aGR-AtMCL _bgre _dGR-AtMCL _eAACR2 |
||
| 245 | 1 | _aHUMAN RESOURCES MANAGEMENT | |
| 250 | _a9 | ||
| 260 |
_bPrentice Hall, _c1998 |
||
| 300 | _a435 | ||
| 505 | 0 | _aBACKGROUND TO HUMAN RESOURCES MANAGEMENT INFLUENCES ON EMPLOYEE BEHAVIOUR PRACTICAL ASPECTS OF HUMAN RESOURCES MANAGEMENT INTERNATIONAL COMPARISONS | |
| 520 | _aBACKGROUND TO HUMAN RESOURCES MANAGEMENT INFLUENCES ON EMPLOYEE BEHAVIOUR PRACTICAL ASPECTS OF HUMAN RESOURCES MANAGEMENT INTERNATIONAL COMPARISONS | ||
| 700 | 1 |
_aBennett Roger _91002 |
|
| 700 | 1 |
_aGraham H.T _91239 |
|
| 942 | _cBK | ||
| 999 |
_c7812 _d7812 |
||